Los fichajes más caros del fútbol - Extremos - Estadísticas

Estadísticas generales
  • Esta prueba ha sido intentada 151 veces
  • La puntuación promedio es 10 de 10
Estadísticas de respuestas
Coste (M €) Temporada Nacionalidad Último club Nuevo club Jugador % Correcto
222,00 2017-2018 Brasil FC Barcelona PSG Neymar
100%
90,00 2023-2024 Brasil PSG Al-Hilal Neymar
100%
89,00 2013-2014 Brasil Santos FC Barcelona Neymar
100%
101,00 2013-2014 Gales Tottenham Real Madrid Gareth Bale
98%
115,00 2019-2020 Bélgica Chelsea Real Madrid Eden Hazard
97%
127,20 2019-2020 Portugal Benfica Atlético Madrid João Félix
96%
135,00 2017-2018 Francia Borussia Dortmund FC Barcelona Ousmane Dembélé
96%
117,50 2021-2022 Inglaterra Aston Villa Manchester City Jack Grealish
92%
95,00 2022-2023 Brasil Ajax Manchester United Antony
88%
85,00 2021-2022 Inglaterra Borussia Dortmund Manchester United Jadon Sancho
88%
No se encontraron pruebas coincidentes
Distribución de puntuación
Porcentaje de gente con cada puntuación
Porcentaje por número respondido
Historial de tus puntuaciones
No has intentado esta prueba.